| 000 | 01049nam a22003017a 4500 | ||
|---|---|---|---|
| 003 | St Aloysius Coll | ||
| 005 | 20260307160813.0 | ||
| 008 | 260228b |||||||| |||| 00| 0 eng d | ||
| 020 | _a9789354641558 | ||
| 040 | _cAL | ||
| 041 | _aEnglish | ||
| 082 |
_a574.192 _bDEVT |
||
| 100 |
_aThomas M Devlin _9257183 |
||
| 245 | _aTextbook of biochemistry with clinical correlations | ||
| 250 | _a7 | ||
| 260 |
_aNew Delhi _bWiley _c2022 |
||
| 300 |
_axxxiv, 1205p. _bHB _c28.422cm |
||
| 365 |
_2General _a6272 _b₹7016.00 _c₹ _d₹8995.00 _e22% _f23/02/2026 |
||
| 520 | _aStructure of macromolecules; Transmission of information; Functions of proteins; Metabolic pathways and their control; Physiological processes; | ||
| 650 |
_2Natural sciences _aBiochemistry _9257184 |
||
| 700 |
_aBiswas, Arunima _9257185 |
||
| 700 |
_aMaruthi, Mulaka _9257186 |
||
| 700 |
_aHaobam, Reena _9257187 |
||
| 700 |
_aBansal, Savita _9257188 |
||
| 700 |
_aDubey, Shiv Kumar _9257189 |
||
| 700 |
_aSingh, Sorokhaibam Jibankumar _9257190 |
||
| 942 |
_2ddc _cBK |
||
| 999 |
_c240973 _d240973 |
||